A methodical system of Universal Law, or the Laws of Nature and Nations, with supplements and a discourse by George Turnbull

সংরক্ষণ করুন:
গ্রন্থ-পঞ্জীর বিবরন
প্রধান লেখক: Heineccius, Johann Gottlieb (Author)
বিন্যাস: গ্রন্থ
ভাষা:ইংরেজি
প্রকাশিত: Indianápolis Liberty Fund 2008
সংস্করন:1a. ed
বিষয়গুলি:
ট্যাগগুলো: ট্যাগ যুক্ত করুন
কোনো ট্যাগ নেই, প্রথমজন হিসাবে ট্যাগ করুন!

MARC

LEADER 00000cam a2200000 a 4500
001 UCC0008
003 CL-VaPUC
008 170713e20080000us |||||||||||||||||eng|d
020 |a 9780865974791 
082 0 4 |a 340.112  |b HEI  |2 21 
100 |a Heineccius, Johann Gottlieb  |e author  |9 593956 
245 1 2 |a A methodical system of Universal Law, or the Laws of Nature and Nations, with supplements and a discourse by George Turnbull 
250 |a 1a. ed 
300 |a 687 p 
942 |c BK 
945 |d 20170713 16:08:00  |a dcastane 
260 |a Indianápolis  |b Liberty Fund  |c 2008 
650 0 |a Derecho internacional  |9 255637 
650 0 |a Derecho natural   |9 255041 
583 |a last modification  |c 20170713 16:08:00  |k Rodrigo Vera 
999 |c 369006  |d 369004 
952 |0 0  |1 0  |3 erb  |4 0  |6 340_112000000000000_HEI_2008  |7 0  |8 DER_HIS  |9 484527  |a BIBDER  |b BIBDER  |i 540875K  |o 340.112 HEI 2008  |p 540875K  |r 2023-01-25  |w 2019-11-24  |x Ubicación 4to Piso  |y BK  |z Estos recursos deben solicitarse con anticipación  |k DER